Chile al día: álbum gráfico de vistas de Chile
Wedi'i Gadw mewn:
| Fformat: | Llyfr |
|---|---|
| Iaith: | Sbaeneg Saesneg |
| Cyhoeddwyd: |
Santiago
Hume & Walker
1915
|
| Rhifyn: | 1a. ed |
| Pynciau: | |
| Tagiau: |
Ychwanegu Tag
Dim Tagiau, Byddwch y cyntaf i dagio'r cofnod hwn!
|
MARC
| LEADER | 00000nam a2200000 a 4500 | ||
|---|---|---|---|
| 001 | UCJ4429 | ||
| 003 | CL-VaPUC | ||
| 008 | 070124e19150000CL |||||||||||||||||spa|d | ||
| 041 | 0 | 7 | |a spa |2 CL-VaPUC |
| 041 | 0 | 7 | |a eng |2 CL-VaPUC |
| 082 | 0 | 4 | |a 918.3 |b CHI |2 21 |
| 245 | 1 | 0 | |a Chile al día: álbum gráfico de vistas de Chile |
| 250 | |a 1a. ed | ||
| 300 | |a pág. irreg | ||
| 942 | |c BK | ||
| 945 | |d 20070124 00:00:00 |a rinostro | ||
| 260 | |a Santiago |b Hume & Walker |c 1915 | ||
| 500 | |a t.1: 72 vistas | ||
| 500 | |a t.2: 72 vistas | ||
| 500 | |a Volumen conformado por fotografías con breves anotaciones descriptivas | ||
| 650 | 0 | |a Iconografía |9 267998 | |
| 650 | 0 | |a Ilustraciones |9 369481 | |
| 650 | 0 | |a Monumentos |9 265246 | |
| 650 | 0 | |a Edificios públicos |9 269003 | |
| 650 | 0 | |a Paisajes |9 344660 | |
| 651 | 7 | |a CHILE |2 CL-VaPUC |9 508095 | |
| 651 | 0 | |a Santiago |9 265444 | |
| 651 | 0 | |a Viña del Mar |9 327030 | |
| 651 | 7 | |a ANTOFAGASTA |2 CL-VaPUC |9 319270 | |
| 651 | 0 | |a Arica |9 309332 | |
| 651 | 7 | |a CHUQUICAMATA |2 CL-VaPUC |9 444767 | |
| 651 | 0 | |a Valparaíso, Chile |9 261144 | |
| 999 | |c 320545 |d 320543 | ||
| 583 | |k Rodrigo Vera | ||
| 952 | |0 0 |1 0 |4 0 |6 918_300000000000000_CHI_1915 |7 0 |8 X |9 399088 |a FDOBUD |b FDOBUD |d 2019-11-22 |i 1018183 |o 918.3 CHI 1915 |p 1018183 |r 2019-11-22 |w 2019-11-22 |y BK_X |k BUD | ||